|
|
|
|
| LEADER |
00000ckm a2200000 a 4500 |
| 001 |
vtls001300774 |
| 003 |
SK-MaSNL |
| 005 |
20260301195854.0 |
| 007 |
kf cou |
| 008 |
240409s1995 xo g 0k slo |
| 015 |
|
|
|a SNBG1995
|
| 035 |
|
|
|a SNK000252776
|
| 035 |
|
|
|a urn:nbn:sk:snk-km002pnf
|
| 035 |
|
|
|a 341E2EDD-7617-4053-872E-B294B4B0D90E
|
| 035 |
|
|
|a urn:nbn:sk:snk-kmtfno
|
| 040 |
|
|
|a SNK
|b slo
|c SNK
|e AACR2
|
| 041 |
0 |
|
|a slo
|
| 044 |
|
|
|a xo
|c SK
|
| 080 |
|
|
|a 792.97.05
|2 2001
|
| 245 |
0 |
0 |
|a Stromček
|h grafika
|b bábková scéna uvádza bábkovú divadelnú hru : premiéra: 24. dec. 1995
|
| 260 |
|
|
|a Kysač
|b KIS
|c 1995
|
| 300 |
|
|
|a 1 plagát
|c 15 x 22 cm
|
| 650 |
0 |
7 |
|a bábkové divadlá
|2 SNKPH
|9 29754
|
| 655 |
|
7 |
|a divadelné plagáty
|2 SNK
|9 70742
|
| 852 |
|
|
|a Slovenská národná knižnica
|
| 958 |
|
|
|a CP
|
| 958 |
|
|
|a GBN
|
| 958 |
|
|
|a OND
|
| 999 |
|
|
|c 887897
|d 889827
|
| 952 |
|
|
|t P60, <03>, [BOOK], {603}
|a SNK
|b SNK
|y PREZ
|7 0
|o snkLPB 1386
|i snkPL 79/97
|0 0
|1 0
|4 0
|d 1997-09-02
|l 0
|r 2005-01-02 00:00:00
|w 2026-02-24
|
| 952 |
|
|
|t P60, <04>, [BOOK], {604}
|a SNK
|b SNK
|y VYP
|7 0
|p 17A1162084
|o snkLPB 1386 D1
|i snkPL 80/97
|0 0
|1 0
|4 0
|d 1997-09-02
|f 1
|l 0
|r 2005-01-02 00:00:00
|w 2026-02-24
|